All this and heaven / (Record no. 130512)

MARC details
000 -LEADER
fixed length control field 00565nam a22002297a 4500
005 - DATE AND TIME OF LATEST TRANSACTION
control field 20170124110113.0
010 ## - LIBRARY OF CONGRESS CONTROL NUMBER
LC control number A-000033
020 ## - INTERNATIONAL STANDARD BOOK NUMBER
Terms of availability 00.00
035 ## - SYSTEM CONTROL NUMBER
System control number A-000033
037 ## - SOURCE OF ACQUISITION
Source of stock number/acquisition Cen Lib/Ret
040 ## - CATALOGING SOURCE
Original cataloging agency DPL
Language of cataloging EN
082 ## - DEWEY DECIMAL CLASSIFICATION NUMBER
Classification number N
Item number FIE
100 ## - MAIN ENTRY--PERSONAL NAME
Personal name Field, Rachel
9 (RLIN) 29388
245 ## - TITLE STATEMENT
Title All this and heaven /
Statement of responsibility, etc by Rachela Field
260 ## - PUBLICATION, DISTRIBUTION, ETC. (IMPRINT)
Place of publication, distribution, etc New York
Name of publisher, distributor, etc Macmillan company
Date of publication, distribution, etc 1938
270 ## - ADDRESS
City New York
300 ## - PHYSICAL DESCRIPTION
Extent 596p.
Dimensions 21cm(Hb)
650 ## - SUBJECT ADDED ENTRY--TOPICAL TERM
Topical term or geographic name as entry element English literature
9 (RLIN) 29389
650 ## - SUBJECT ADDED ENTRY--TOPICAL TERM
Topical term or geographic name as entry element Novel
9 (RLIN) 22513
700 ## - ADDED ENTRY--PERSONAL NAME
9 (RLIN) 29201
942 ## - ADDED ENTRY ELEMENTS (KOHA)
Source of classification or shelving scheme Dewey Decimal Classification
Koha item type English Books
Classification part N
Call number suffix FIE
Holdings
Withdrawn status Lost status Damaged status Not for loan Home library Current library Date acquired Source of acquisition Cost, normal purchase price Total Checkouts Full call number Barcode Date last seen Copy number Cost, replacement price Price effective from Koha item type
        Central Library Central Library 09/07/2015 Cen Lib/Ret 0.00   N FIE A-000033 09/07/2015 1 0.00 09/07/2015 English Books

© Delhi Public Library
Hit Counter
free hit counter